Political Parties in the Portuguese Parliament - Statistics

General Stats
  • This quiz has been taken 59 times
  • The average score is 6 of 8
Answer Stats
Seats Political Position Answer % Correct
117 Center-left Socialist (PS)
96%
12 Right-wing to Far-right Chega
93%
76 Center-right Social Democratic (PSD)
93%
6 Left-wing to Far-left Communist (PCP)
80%
5 Left-wing to Far-left Left Bloc (BE)
61%
1 Center-left People-Animals-Nature (PAN)
61%
8 Center-right to Right-wing Liberal Initiative (IL)
57%
1 Center-left to Left-wing LIVRE
52%
No matching quizzes found
Score Distribution
Percent of People with Each Score
Percentile by Number Answered
Your Score History
You have not taken this quiz